<?xml version="1.0" encoding="UTF-8"?>
<collection xmlns="http://www.loc.gov/MARC21/slim">
 <record>
  <leader>01145nam a2200217   4500</leader>
  <controlfield tag="001">1/34790</controlfield>
  <controlfield tag="008">080226s1998    gw            101 0 eng d</controlfield>
  <datafield tag="020" ind1=" " ind2=" ">
   <subfield code="a">9287137714</subfield>
  </datafield>
  <datafield tag="035" ind1=" " ind2=" ">
   <subfield code="l">37267</subfield>
  </datafield>
  <datafield tag="040" ind1=" " ind2=" ">
   <subfield code="a">DLC</subfield>
   <subfield code="b">GR-PeUP</subfield>
  </datafield>
  <datafield tag="082" ind1="0" ind2="0">
   <subfield code="a">323 PRO</subfield>
  </datafield>
  <datafield tag="111" ind1="2" ind2=" ">
   <subfield code="a">Proceedings of the European regional colloquy (</subfield>
   <subfield code="d">1998 :</subfield>
   <subfield code="c">Strasbourg, Germany).</subfield>
  </datafield>
  <datafield tag="245" ind1="1" ind2="0">
   <subfield code="a">In our hands :</subfield>
   <subfield code="b">the effectiveness of human rights protection 50 years after the Universal Declaration : proceedings, European regional colloquy /</subfield>
   <subfield code="c">organised by the Council of Europe as a contribution to the commemoration of the fiftieth anniversary of the Universal Declaration of Human Rights and the 1998 review of the implementation of the Vienna declaration and programme of action, Strasbourg, 2-4 September 1998.</subfield>
  </datafield>
  <datafield tag="260" ind1=" " ind2=" ">
   <subfield code="a">Strasbourg :</subfield>
   <subfield code="b">Council of Europe,</subfield>
   <subfield code="c">1998.</subfield>
  </datafield>
  <datafield tag="300" ind1=" " ind2=" ">
   <subfield code="a">202 σ. :</subfield>
   <subfield code="b">πιν. ;</subfield>
   <subfield code="c">24 εκ.</subfield>
  </datafield>
  <datafield tag="500" ind1=" " ind2=" ">
   <subfield code="a">Περιέχει ευρετήριο.</subfield>
  </datafield>
  <datafield tag="650" ind1=" " ind2="4">
   <subfield code="a">Human rights</subfield>
   <subfield code="z">Europe.</subfield>
  </datafield>
  <datafield tag="650" ind1=" " ind2="4">
   <subfield code="a">Civil rights</subfield>
   <subfield code="z">Europe.</subfield>
  </datafield>
  <datafield tag="710" ind1="2" ind2=" ">
   <subfield code="a">Council of Europe.</subfield>
  </datafield>
  <datafield tag="852" ind1=" " ind2=" ">
   <subfield code="a">INST</subfield>
   <subfield code="b">UNIPILB</subfield>
   <subfield code="c">MAIN</subfield>
   <subfield code="e">20080408</subfield>
   <subfield code="h">323 PRO</subfield>
   <subfield code="p">00155482</subfield>
   <subfield code="q">00155482</subfield>
   <subfield code="t">LOAN</subfield>
   <subfield code="y">0</subfield>
   <subfield code="4">1</subfield>
  </datafield>
  <datafield tag="856" ind1="4" ind2=" ">
   <subfield code="d">/webopac/covers/02/37267_9287137714.jpg</subfield>
  </datafield>
 </record>
</collection>
